Countries that was once in Italy region - Statistics

General Stats
  • This quiz has been taken 27 times
  • The average score is 19 of 44
Answer Stats
Years Country % Correct
1516-1556, 1701-1801, 1813-1859 Kingdom of Austria
87%
1494-1497, 1499-1513, 1515-1522, 1536-1559, 1701-1708, 1792-1793, 1796- Kingdom of France/French Republic/French Empire
87%
855-1648 Kingdom of Italy (Holy Roman Empire)
87%
1861-present Kingdom of Italy/Italian Republic
87%
400 B.C.-476 Roman Empire
87%
1631-present San Marino
87%
1943-present Vatican City
87%
697-807, 811-1797, Republic of Venice
74%
1800-1814 Kingdom of Sardinia
70%
1648-present Monaco
70%
552-1071 Byzantine Empire
65%
763-1137, 1282-1442, 1458-1495, 1496-1501 Duchy of Naples/Kingdom of Naples
65%
1648-1738 Grand Duchy of Tuscany
65%
1805-1814 Kingdom of Sicily
65%
1556-1701, 1718-1720, 1801-1807 Kingdom of Spain
65%
948-1089 Sicilian Emirate
65%
1530-1796 Order of Saint John
61%
1648-1796 Republic of Genoa
61%
400 B.C.-278 B.C., 275 B.C.-264 B.C. Greek City States
57%
754-774, 1177-1797, 1799-1808, 1814-1870 Papal States
57%
1964-present Republic of Malta
57%
1800-1964 British Empire
52%
568-774 Lombard Domains
52%
1648-1796, 1814-1859 Duchy of Modena
35%
1648-1796, 1814-1859 Duchy of Parma
35%
1648-1796 Duchy of Savoy
35%
1736-1737 Kingdom of Corsica
35%
400 B.C.-238 B.C., 216 B.C.-203 B.C. Carthage
30%
1282-1516 Kingdom of Aragon
30%
1735-1805, 1814-1861 Kingdom of Two Sicilies
30%
1648-1847 Republic of Lucca/Duchy of Lucca
26%
476-552 Odoacer/Ostrogoths Kingdom
17%
1046-1194 Norman Domains
13%
1648-1708 Duchy of Montferrat
9%
774-1076 Benevento
4%
1648-1708 Duchy of Mantua
4%
909-948 Fatimid Sicily
4%
774-843 Francia
4%
1814-1861 Kingdom of Sardinia-Piedmont
4%
843-855 Middle Francia
4%
827-909 Aghlabid Sicily
0%
1266-1282 Angevin Domains
0%
826-827 Euphemius Kingdom
0%
831-1325 Giudicati
0%
No matching quizzes found
Score Distribution
Percent of People with Each Score
Percentile by Number Answered
Your Score History
You have not taken this quiz